Economic development and underdevelopment /
Na minha lista:
| Autor principal: | |
|---|---|
| Formato: | Texto |
| Tags: |
Adicionar Tag
Sem tags, seja o primeiro a adicionar uma tag!
|
MARC
| LEADER | 00000 a a2200000 04500 | ||
|---|---|---|---|
| 001 | 48422 | ||
| 003 | |||
| 040 | |||
| 100 | |a Brym, Robert J. | ||
| 245 | |a Economic development and underdevelopment / |c Robert J. Brym | ||
| 500 | |a Incluye los subtemas: "From geography to culture" y "Dependency theory and beyond" | ||
| 773 | |g volumen 34, número 1, (1986), páginas 21-43 | ||
| 999 | |c 26927 |d 26927 | ||
